000 00975nam a2200253Ia 4500
003 OSt
005 20221005111325.0
006 a|||||r|||| 00| 0
007 ta
008 221004b |||||||| |||| 00| 0 hin d
020 _a8181431146 (hbk)
_c200
024 _a97589
037 _b569, 15/03/2009, Vani Prakashan
_cTextual
040 _aCRL
_cCRL
_bhin
041 _2hin
_ahin
082 _aY21.2, 152P4
100 _aराजवाडे, विश्वनाथ काशीनाथ
_9159314
245 0 _aभारतीय विवाह संस्था का इतिहास
246 _aBhāratīya vivāh sansthā kā itihāsa
260 _aनई दिल्ली
_bवाणी प्रकाशन भारत
_c2004
300 _a168पृ0
_ccm.
942 _hY21.2, 152P4
_cTEXL
_2cc
999 _c1021501
_d1021501